| 000 | 00598nam a2200217 a 4500 | ||
|---|---|---|---|
| 003 | OSt | ||
| 005 | 20240220125535.0 | ||
| 008 | |||
| 020 | _a9781941753057 | ||
| 040 | _c0 | ||
| 082 |
_a711.4 _bWOR |
||
| 100 | 1 |
_aWork Architecture Company _9120811 |
|
| 245 | 1 | 0 |
_a49 Cities / _cWork Architecture Company |
| 246 | _aForty Nine Cities | ||
| 260 |
_aNew York; _c2015. |
||
| 300 | _a143 p.: | ||
| 650 | 0 |
_aUtopias _946553 |
|
| 650 | 0 |
_aCity planning _99959 |
|
| 942 |
_2ddc _cBK _aSADA _k711.4 WOR 2015 |
||
| 999 |
_c607891 _d607891 |
||